000 00426pab a2200193 454500
008 180718b2008 xxu||||| |||| 00| 0 eng d
100 _aDooner, Maria
245 _aCredit needs of farmers
260 _c2008
300 _ap.13-16.
362 _aJan
650 _aFarmers
650 _aCredit
650 _aAgricultural credit
700 _aSrinivasan, Santhosh
773 _aYojana
908 _aN
909 _a77041
999 _c77041
_d77041